Fundamento del hockey sobre hierba
Salvato in:
| Autore principale: | |
|---|---|
| Natura: | Libro |
| Lingua: | spagnolo |
| Pubblicazione: |
Madrid
Libreria Deportiva Esteban Sanz M
1980
|
| Serie: | Serie Hockey: Novedades
|
| Soggetti: | |
| Tags: |
Aggiungi Tag
Nessun Tag, puoi essere il primo ad aggiungerne!!
|
MARC
| LEADER | 00000nam a2200000 a 4500 | ||
|---|---|---|---|
| 001 | UCW3277 | ||
| 003 | CL-VaPUC | ||
| 008 | 880607e19800000SP |||||||||||||||||spa|d | ||
| 082 | 0 | 4 | |a 796.355 |b FER |2 21 |
| 100 | 0 | |a Fernández Araguez, Santiago |e author |9 307434 | |
| 245 | 1 | 0 | |a Fundamento del hockey sobre hierba |
| 300 | |a 111 p | ||
| 942 | |c BK | ||
| 945 | |d 19880607 00:00:00 | ||
| 260 | |a Madrid |b Libreria Deportiva Esteban Sanz M |c 1980 | ||
| 650 | 7 | |a HOCKEY SOBRE CESPED |2 CL-VaPUC |9 307345 | |
| 583 | |a last modification |c 19880607 00:00:00 |k Rodrigo Vera | ||
| 490 | 0 | |a Serie Hockey: Novedades | |
| 999 | |c 217370 |d 217368 | ||
| 952 | |0 0 |1 0 |4 0 |6 796_355000000000000_FER_1980 |7 0 |8 A |9 204784 |a BIBEDU |b BIBEDU |d 2019-11-15 |i 2725800 |o 796.355 FER 1980 |p 2725800 |r 2019-11-15 |w 2019-11-15 |y BK |k EDU | ||